|
|
|
|
| LEADER |
00000nam2a2200000 4500 |
| 001 |
350389 |
| 005 |
20231102010309.0 |
| 035 |
|
|
|a (RuTPU)RU\TPU\retro\4462
|
| 035 |
|
|
|a RU\TPU\book\160474
|
| 090 |
|
|
|a 350389
|
| 100 |
|
|
|a 20190130d1977 k y0rusy50 ca
|
| 101 |
0 |
|
|a rus
|
| 102 |
|
|
|a RU
|
| 105 |
|
|
|a y z 100zy
|
| 200 |
0 |
|
|a Ч. 1
|
| 210 |
|
|
|d 1977
|
| 215 |
|
|
|a 143 с.
|
| 461 |
|
1 |
|0 (RuTPU)RU\TPU\book\160658
|t Речные системы и мелиорация
|o материалы XIV пленума геоморфологической комиссии АН СССР, Новосибирск, 1977 г.
|f Академия наук СССР (АН СССР), Сибирское отделение (СО), Институт геологии и геофизики (ИГиГ); под ред. Б. В. Мизерова
|v Ч. 1
|d 1977
|
| 606 |
|
|
|a Рельеф донный
|x Происхождение
|2 stltpush
|3 (RuTPU)RU\TPU\subj\24974
|9 49237
|
| 606 |
|
|
|a Гидромелиорация
|2 stltpush
|3 (RuTPU)RU\TPU\subj\38662
|9 59035
|
| 610 |
1 |
|
|a речные системы
|
| 610 |
1 |
|
|a мелиорация
|
| 610 |
1 |
|
|a речные долины
|
| 610 |
1 |
|
|a развитие
|
| 610 |
1 |
|
|a Советский Союз
|
| 610 |
1 |
|
|a геоморфологические данные
|
| 610 |
1 |
|
|a история
|
| 675 |
|
|
|a 551.43(063)
|v 3
|
| 675 |
|
|
|a 626.8(063)
|v 3
|
| 801 |
|
1 |
|a RU
|b 63413507
|c 20081125
|g PSBO
|
| 801 |
|
2 |
|a RU
|b 63413507
|c 20211209
|g PSBO
|
| 942 |
|
|
|c BK
|